00341nam a2200109 a 4500008004100000050002200041110004400063245005000107260005100157300001400208350000900222090518s2006 ||||||||||||||||| || u aZAM.PER-NRFA(058) aZambia National Road Fund Agency (NRFA)10aNational Road Fund Agency :annual report 2006 aLusakabZambia National Road Fund Agencyc2006 a64p. ;ill a0.00